|
|
|
|
| LEADER |
00000naa a2200000uu 4500 |
| 001 |
vtls011049647 |
| 003 |
SK-MaSNL |
| 005 |
20260421103726.0 |
| 008 |
210904|2012 xo |||||||||||||||||eng| |
| 015 |
|
|
|a SNBRA
|
| 035 |
|
|
|a (urnnbn)urn:nbn:sk:snk:ar-0096wz
|
| 035 |
|
|
|a (uuid)f24ddf02-0739-4878-8bf4-cea7bb5e40fb
|
| 035 |
|
|
|a urn:nbn:sk:snk-aav0et
|
| 040 |
|
|
|a SNKBUCL
|b slo
|c SNKBUCL
|e AACR2
|
| 041 |
0 |
|
|a eng
|
| 044 |
|
|
|a xo
|c SK
|
| 100 |
1 |
|
|a Mihaliková, Katarína
|4 aut
|9 513269
|
| 245 |
1 |
0 |
|a Effect of diets containing inoculated grass silage on lipid metabolism and fermentation parameters in vitro
|c Katarína Mihaliková, Andrea Lauková, Dušan Jalč, Petr Homolka, Svetlana Kišidayová, Zora Váradyová
|
| 700 |
1 |
|
|a Lauková, Andrea,
|d 1958-
|4 aut
|9 10345
|
| 700 |
1 |
|
|a Jalč, Dušan,
|d 1948-
|4 aut
|9 1637375
|
| 700 |
1 |
|
|a Homolka, Petr
|4 aut
|9 793118
|
| 700 |
1 |
|
|a Kišidayová, Svetlana
|4 aut
|9 427865
|
| 700 |
1 |
|
|a Váradyová, Zora
|4 aut
|9 26825
|
| 773 |
0 |
|
|t Book of abstracts from 25th Days of animal physiology
|d Košice : Institute of Animal Physiology, Slovak Academy of Sciences, 2012
|g S. 46
|z 9788096861880
|
| 958 |
|
|
|a OND
|
| 958 |
|
|
|a article12
|
| 958 |
|
|
|a chapter
|
| 999 |
|
|
|c 1254513
|d 1256443
|